[Event "57th Biel Rapid Open"]
[Site "Biel SUI"]
[Date "2024.07.14"]
[Round "8.15"]
[White "Vemparala, Nikash"]
[Black "Ganguly, Surya Shekhar"]
[Result "0-1"]
[WhiteTitle "CM"]
[BlackTitle "GM"]
[WhiteElo "2150"]
[BlackElo "2592"]
[WhiteFideId "30960967"]
[BlackFideId "5002150"]
[EventDate "2024.07.14"]
[EventType "swiss"]

1. e4 e5 2. Nf3 Nc6 3. Bc4 Nf6 4. d3 Bc5 5. c3 d6 6. O-O a6 7. Bb3 Ba7 8. Nbd2
O-O 9. h3 Ne7 10. Re1 Ng6 11. Nf1 h6 12. Ng3 Re8 13. d4 c6 14. Be3 Be6 15. Bc2
Qd7 16. dxe5 dxe5 17. Bxa7 Rxa7 18. Qxd7 Nxd7 19. a4 a5 20. b4 Nb6 21. Nf5 Rd8
22. h4 f6 23. g3 Kf8 24. bxa5 Nc4 25. Red1 Rda8 26. Bb3 Ne7 27. Bxc4 Bxc4 28.
Rd7 Be6 29. Rxe7 Bxf5 30. Rc7 Bxe4 31. Nd2 Bf5 32. Nc4 Rc8 33. Rxc8+ Bxc8 34.
Rb1 Ke7 35. Rb4 Be6 36. Nb2 Kd6 37. Kf1 Kc7 38. Ke2 Rxa5 39. Ke3 c5 40. Rb5 Rxb5
41. axb5 Kb6 42. c4 Ka5 43. f4 exf4+ 44. Kxf4 Kb4 45. b6 Kc3 46. Nd1+ Kxc4 47.
Ne3+ Kd3 0-1

[Event "57th Biel Rapid Open"]
[Site "Biel SUI"]
[Date "2024.07.14"]
[Round "8.16"]
[White "Bernhard, Simon"]
[Black "Nesterov, Arseniy"]
[Result "0-1"]
[BlackTitle "GM"]
[WhiteElo "1801"]
[BlackElo "2602"]
[WhiteFideId "1362127"]
[BlackFideId "24198455"]
[EventDate "2024.07.14"]
[EventType "swiss"]

1. e4 c6 2. d4 d5 3. f3 e6 4. Nc3 Bb4 5. Bd2 Ne7 6. a3 Ba5 7. Bd3 O-O 8. Nge2
Nd7 9. O-O e5 10. Kh1 exd4 11. Nxd4 c5 12. Ndb5 d4 13. Nd5 Bxd2 14. Qxd2 Nxd5
15. exd5 a6 16. Nd6 Nf6 17. Nxc8 Rxc8 18. Be4 Nxd5 19. c4 Ne3 20. Bxb7 Rb8 21.
Bxa6 Nxf1 22. Rxf1 Re8 23. Bb5 Re3 24. Kg1 Qe7 25. Kf2 Rb6 26. Qa5 Re2+ 27. Kg1
Rxg2+ 28. Kxg2 Qe2+ 29. Kg3 Rg6+ 30. Kf4 Qe3+ 31. Kf5 Rg5# 0-1

[Event "57th Biel Rapid Open"]
[Site "Biel SUI"]
[Date "2024.07.14"]
[Round "8.17"]
[White "Kersten, Uwe"]
[Black "Menzi, Jonas"]
[Result "1-0"]
[WhiteTitle "IM"]
[WhiteElo "2186"]
[BlackElo "2100"]
[WhiteFideId "4615646"]
[BlackFideId "1345133"]
[EventDate "2024.07.14"]
[EventType "swiss"]

1. e4 e5 2. Nf3 Nc6 3. Nc3 Nf6 4. Bb5 Nd4 5. O-O Nxb5 6. Nxb5 c6 7. Nc3 d6 8. d4
Qc7 9. Bg5 Be7 10. d5 h6 11. Bxf6 Bxf6 12. Qd3 O-O 13. Rfd1 Be7 14. Nd2 c5 15.
a4 f5 16. f3 fxe4 17. fxe4 Bg4 18. Rf1 Rac8 19. Nc4 Qd8 20. Qg3 Bh5 21. Qh3
Rxf1+ 22. Rxf1 Bf7 23. Nb5 Ra8 24. Qf5 Be8 25. Qe6+ Kh8 26. Nbxd6 Bxd6 27. Nxd6 1-0

[Event "57th Biel Rapid Open"]
[Site "Biel SUI"]
[Date "2024.07.14"]
[Round "8.18"]
[White "Munguntuul, Batkhuyag"]
[Black "Nasybullina, Alfia"]
[Result "0-1"]
[WhiteTitle "IM"]
[BlackTitle "WIM"]
[WhiteElo "2356"]
[BlackElo "1997"]
[WhiteFideId "4900758"]
[BlackFideId "4132416"]
[EventDate "2024.07.14"]
[EventType "swiss"]

1. e4 e6 2. d4 d5 3. Nc3 Bb4 4. e5 c5 5. a3 Bxc3+ 6. bxc3 Nc6 7. a4 Nge7 8. Nf3
Qa5 9. Bd2 c4 10. Be2 Bd7 11. O-O O-O-O 12. Qb1 f6 13. Re1 Ng6 14. Bf1 Qc7 15.
Be3 b6 16. Qc1 fxe5 17. Nxe5 Ngxe5 18. dxe5 Rdf8 19. f4 g5 20. fxg5 Nxe5 21. Be2
Rhg8 22. a5 b5 23. a6 Bc6 24. Rf1 Ng6 25. Bg4 Bd7 26. Qa3 e5 27. Bxd7+ Kxd7 28.
Qb4 Qc6 29. Rxf8 Rxf8 30. Bxa7 d4 31. Qc5 Nf4 32. Qxc6+ Kxc6 33. cxd4 Ne2+ 34.
Kh1 exd4 35. g3 Ra8 36. Re1 Rxa7 37. Rxe2 Rxa6 38. Re6+ Kb7 39. Re7+ Kc8 40.
Rxh7 d3 41. cxd3 c3 42. Rh8+ Kd7 43. Rh7+ Kc6 44. Rh6+ Kb7 45. Rh7+ Kb6 46. Rh6+
Ka5 47. Rh8 Rc6 48. Ra8+ Kb6 49. Ra1 b4 50. Kg2 c2 51. Kf3 c1=Q 0-1

[Event "57th Biel Rapid Open"]
[Site "Biel SUI"]
[Date "2024.07.14"]
[Round "8.19"]
[White "Vincenti, Leonardo"]
[Black "Rotunno, Flavio"]
[Result "0-1"]
[WhiteTitle "CM"]
[WhiteElo "2163"]
[BlackElo "2168"]
[WhiteFideId "28550820"]
[BlackFideId "1338528"]
[EventDate "2024.07.14"]
[EventType "swiss"]

1. e4 c5 2. Nf3 d6 3. Bb5+ Nd7 4. O-O Nf6 5. Re1 a6 6. Bd3 e6 7. c3 b6 8. Bc2
Bb7 9. d4 cxd4 10. cxd4 Be7 11. Nc3 O-O 12. e5 dxe5 13. dxe5 Nd5 14. Qd3 g6 15.
Nxd5 Bxd5 16. Bh6 Re8 17. Rad1 Qc7 18. Rc1 Qb7 19. Qe3 Rac8 20. Qf4 Rc4 21. Qg3
Rec8 22. Bb3 Rxc1 23. Rxc1 Rxc1+ 24. Bxc1 Bxb3 25. axb3 Qd5 26. Bd2 Qxb3 27. h4
h5 28. Bg5 Bxg5 29. Qxg5 Qxb2 30. g3 Kg7 31. Qe7 Nxe5 32. Ng5 Qb1+ 33. Kg2 Qf5
34. Qb7 b5 35. Qxa6 Ng4 36. Qa1+ Qf6 37. Qa2 b4 38. f3 Ne3+ 39. Kf2 Nf5 40. Ne4
Qd4+ 41. Kg2 Ne3+ 42. Kh3 Nd1 43. Nd2 Nc3 44. Qb2 Qg1 45. g4 hxg4+ 46. fxg4 Qe3+
47. Kg2 Qe2+ 48. Kh3 Kh7 49. Qc2 Nd5 50. h5 Nf4+ 51. Kg3 e5 52. hxg6+ fxg6 53.
Qc7+ Kh6 54. g5+ Kxg5 55. Qe7+ Kh5 56. Qh7+ Kg5 57. Qe7+ Kh6 58. Qf8+ Kh5 59.
Qh8+ Kg5 60. Qd8+ Kf5 61. Qd7+ Kf6 62. Qd6+ Ne6 63. Qxb4 Qd3+ 64. Kh2 Qe2+ 65.
Kg3 Qe3+ 66. Kh2 Qf4+ 67. Qxf4+ exf4 68. Kg2 Kf5 69. Kf2 g5 70. Nf1 g4 71. Kg2
Nd4 72. Kf2 Kg5 73. Kg2 Nf5 74. Kf2 g3+ 75. Kg1 Kg4 76. Nd2 f3 77. Ne4 Kf4 78.
Nd2 f2+ 79. Kf1 Ne3+ 80. Ke2 f1=Q+ 81. Nxf1 Nxf1 82. Ke1 Ne3 83. Ke2 g2 84. Kf2
Kg4 85. Kg1 Kh3 86. Kf2 Kh2 87. Kxe3 g1=R 0-1

[Event "57th Biel Rapid Open"]
[Site "Biel SUI"]
[Date "2024.07.14"]
[Round "8.20"]
[White "Xiao, Tong(QD)"]
[Black "Pisan, Kai"]
[Result "1-0"]
[WhiteElo "2518"]
[BlackElo "2016"]
[WhiteFideId "8622388"]
[BlackFideId "39904881"]
[EventDate "2024.07.14"]
[EventType "swiss"]

1. e4 c6 2. d4 d5 3. exd5 cxd5 4. Bd3 Nc6 5. c3 Nf6 6. Bf4 Bg4 7. Qb3 Qd7 8. Nd2
e6 9. Ngf3 Bd6 10. Bxd6 Qxd6 11. O-O O-O 12. Rfe1 Ne7 13. a4 Rab8 14. a5 Rfc8
15. Ne5 Bf5 16. Bxf5 Nxf5 17. Nf1 b5 18. axb6 Rxb6 19. Qa2 a6 20. Ng3 Nxg3 21.
hxg3 Ne4 22. Nd3 h5 23. Re2 Ra8 24. Qa5 Qc6 25. Ne5 Qb7 26. Ra2 Nd6 27. Nd3 Nc4
28. Qa4 Rb5 29. Nc5 Qb6 30. b3 Ra5 31. Qd7 Rxa2 32. Rxa2 Nd6 33. Qa4 Nb5 34. Rc2
Ra7 35. Qa1 Nd6 36. Ra2 a5 37. Qd1 g6 38. g4 hxg4 39. Qxg4 Nf5 40. Qf4 Qd6 41.
Qg5 Kg7 42. b4 Qc7 43. g4 Nd6 44. Qe5+ Kg8 45. Rxa5 Rxa5 46. bxa5 Qd8 47. a6 Nb5
48. Kg2 Qh4 49. f3 Qd8 50. Kh3 Qa5 51. Nd7 Qxc3 52. Qb8+ Kh7 53. Qf4 Kg8 54. Ne5
Qc7 55. Qf6 Na7 56. g5 Nc8 57. Ng4 Kf8 58. Nh6 Ke8 59. Qh8+ Ke7 60. Ng8+ Kd6 61.
Nf6 Kc6 62. Ne8 Qd8 63. Qf8 Kb6 64. Qxf7 Kxa6 65. Qxe6+ Nb6 66. Nf6 Qh8+ 67. Kg3
Qb8+ 68. f4 Qd8 69. Qc6 Ka5 70. Qc2 Qe7 71. Qc5+ Qxc5 72. dxc5 Na4 73. Nxd5 Nxc5
74. Ne7 Kb6 75. Nxg6 Kc6 76. Kg4 Kd7 77. f5 Ke8 78. Ne5 Kf8 79. f6 Kg8 80. Kf5
Nb7 81. Kg6 Nd6 82. f7+ Kf8 83. Nd7+ 1-0

[Event "57th Biel Rapid Open"]
[Site "Biel SUI"]
[Date "2024.07.14"]
[Round "8.21"]
[White "Brockmann, Fabian"]
[Black "Erne, Raphael"]
[Result "1/2-1/2"]
[WhiteElo "2003"]
[BlackElo "2108"]
[WhiteFideId "4639561"]
[BlackFideId "1341928"]
[EventDate "2024.07.14"]
[EventType "swiss"]

1. e4 c6 2. d4 d5 3. Nc3 dxe4 4. Nxe4 Bf5 5. Nc5 b6 6. Nb3 e6 7. Nf3 Nf6 8. g3
Nbd7 9. Bg2 Rc8 10. O-O Be7 11. Qe2 O-O 12. Ne5 Nb8 13. Rd1 Nfd7 14. c4 Nxe5 15.
dxe5 Qc7 16. Nd4 Bg6 17. a3 a6 18. Bf4 c5 19. Nf3 Nc6 20. h3 Na5 21. Nd2 Rfd8
22. Be4 Rd4 23. Bxg6 hxg6 24. Be3 Qxe5 25. f4 Qd6 26. Bxd4 Qxd4+ 27. Qf2 Qxb2
28. Nf3 Qxf2+ 29. Kxf2 Nxc4 30. Ne5 Nxe5 31. fxe5 Rc7 32. a4 Kf8 33. Rab1 Rb7
34. Rd2 Ke8 35. Kf3 f6 36. Ke4 b5 37. axb5 axb5 38. Ra2 c4 39. Ra8+ Kf7 40. Rc8
f5+ 41. Ke3 g5 42. Rxc4 bxc4 43. Rxb7 Kf8 44. Rc7 Bd8 45. Rxc4 Kf7 46. Rc8 1/2-1/2

[Event "57th Biel Rapid Open"]
[Site "Biel SUI"]
[Date "2024.07.14"]
[Round "8.22"]
[White "Toktomushev, Teimur"]
[Black "Wilhelm, Serge"]
[Result "1-0"]
[WhiteTitle "FM"]
[WhiteElo "2300"]
[BlackElo "1916"]
[WhiteFideId "14176726"]
[BlackFideId "1305808"]
[EventDate "2024.07.14"]
[EventType "swiss"]

1. d4 Nf6 2. c4 e6 3. Nf3 b6 4. g3 Bb7 5. Bg2 Be7 6. O-O O-O 7. Nc3 d5 8. Ne5 c5
9. dxc5 Bxc5 10. Nd3 Be7 11. Nf4 Na6 12. cxd5 exd5 13. Nfxd5 Nxd5 14. Nxd5 Nc5
15. Be3 Rb8 16. b4 Ne6 17. Qb3 Qd6 18. Rad1 Bxd5 19. Bxd5 Qxb4 20. Bxe6 fxe6 21.
Qxe6+ Kh8 22. Rd4 Qa3 23. Rd3 Qb4 24. a3 1-0

[Event "57th Biel Rapid Open"]
[Site "Biel SUI"]
[Date "2024.07.14"]
[Round "8.23"]
[White "Papaux, Steve"]
[Black "Rait, Albert"]
[Result "0-1"]
[WhiteElo "2228"]
[BlackElo "1932"]
[WhiteFideId "1337602"]
[BlackFideId "16289161"]
[EventDate "2024.07.14"]
[EventType "swiss"]

1. Nf3 e6 2. d4 Nf6 3. g3 d5 4. Bg2 Be7 5. O-O Ne4 6. c4 f5 7. Nc3 c6 8. Bf4 O-O
9. c5 b6 10. b4 Nxc3 0-1

[Event "57th Biel Rapid Open"]
[Site "Biel SUI"]
[Date "2024.07.14"]
[Round "8.25"]
[White "Roth, Martin"]
[Black "Harish, Neeraj"]
[Result "0-1"]
[BlackTitle "CM"]
[WhiteElo "1973"]
[BlackElo "2123"]
[WhiteFideId "1303392"]
[BlackFideId "30958130"]
[EventDate "2024.07.14"]
[EventType "swiss"]

1. e4 c5 2. Nc3 Nc6 3. g3 g6 4. Bg2 Bg7 5. d3 d6 6. Nge2 Nf6 7. h3 O-O 8. O-O
Rb8 9. Be3 b5 10. Qd2 b4 11. Nd1 e6 12. c3 a5 13. f4 Bd7 14. g4 a4 15. Ng3 a3
16. bxa3 bxc3 17. Nxc3 Qa5 18. Rac1 Qxa3 19. Rc2 Nb4 20. Rcc1 Rfc8 21. g5 Ne8
22. Rf2 c4 23. Nb1 Qxd3 24. f5 Qxd2 25. Rxd2 c3 26. Rd4 Bxd4 27. Bxd4 c2 28. Nc3
e5 29. Nd5 Nxd5 0-1

[Event "57th Biel Rapid Open"]
[Site "Biel SUI"]
[Date "2024.07.14"]
[Round "8.26"]
[White "Wolffs, Walter"]
[Black "Illijin, Neboisa"]
[Result "0-1"]
[BlackTitle "IM"]
[WhiteElo "1554"]
[BlackElo "2141"]
[WhiteFideId "3213994"]
[BlackFideId "1200798"]
[EventDate "2024.07.14"]
[EventType "swiss"]

1. e4 c5 2. Nf3 e6 3. d3 Nc6 4. Nbd2 Nf6 5. g3 d5 6. e5 Nd7 7. Qe2 Qc7 8. c4 d4
9. Bg2 Ndxe5 10. O-O Be7 11. Ne4 Nxf3+ 12. Bxf3 Ne5 13. Bg2 Ng6 14. h4 e5 15. h5
Nf8 16. f4 exf4 17. Bxf4 Qb6 18. Nd6+ Kd7 19. Bh3+ Ne6 20. Nxf7 Re8 21. Ne5+ Kd8
22. Bxe6 Bxe6 23. Rae1 Bf6 24. Ng4 Bd7 25. Be5 Bg5 26. Rf7 Qe6 27. Bc7+ Kc8 28.
Qxe6 Rxe6 29. Rxe6 Bxe6 30. Rf8+ Kxc7 31. Rxa8 Bxg4 32. Rxa7 Bxh5 33. Ra5 Kc6
34. b4 b6 35. Rb5 Be2 36. bxc5 Be3+ 37. Kg2 Bxd3 38. Rxb6+ Kxc5 39. Ra6 Bxc4 40.
Ra7 d3 41. Kf3 Bd4 42. Ra5+ Kb4 43. Rh5 d2 0-1

[Event "57th Biel Rapid Open"]
[Site "Biel SUI"]
[Date "2024.07.14"]
[Round "8.27"]
[White "Szakolczai, Peter"]
[Black "Jud, Marc"]
[Result "1/2-1/2"]
[WhiteTitle "FM"]
[WhiteElo "2188"]
[BlackElo "1925"]
[WhiteFideId "705624"]
[BlackFideId "1309099"]
[EventDate "2024.07.14"]
[EventType "swiss"]

1. e4 c5 2. Nc3 d6 3. f4 Nc6 4. Nf3 a6 5. d4 cxd4 6. Nxd4 Qc7 7. Be3 Nf6 8. Be2
Nxd4 9. Bxd4 e5 10. Be3 exf4 11. Bxf4 Qb6 12. Qd2 Be6 13. Be3 Qc7 14. O-O Be7
15. a4 O-O 16. a5 Nd7 17. Nd5 Bxd5 18. exd5 Ne5 19. Ra4 Rac8 20. c3 Qd7 21. Rb4
Bd8 22. Bb6 Bxb6+ 23. Rxb6 Nc4 24. Bxc4 Rxc4 25. Rf4 Rfc8 26. Rxc4 Rxc4 27. Qe2
Rc8 28. Qe4 g6 29. h3 Rc5 30. c4 Rxa5 31. Qf4 Qe7 32. Rxd6 Ra1+ 33. Kh2 Qe1 34.
Rd7 Qg1+ 35. Kg3 Rf1 36. Qe5 Qf2+ 37. Kh2 Qg1+ 38. Kg3 Qf2+ 1/2-1/2

[Event "57th Biel Rapid Open"]
[Site "Biel SUI"]
[Date "2024.07.14"]
[Round "8.28"]
[White "Kuhn, Thomas"]
[Black "Tkhoruk, Roman"]
[Result "0-1"]
[WhiteElo "2094"]
[BlackElo "1965"]
[WhiteFideId "1304135"]
[BlackFideId "34161589"]
[EventDate "2024.07.14"]
[EventType "swiss"]

1. Nf3 Nf6 2. c4 e6 3. g3 h6 4. Bg2 Be7 5. O-O O-O 6. b3 c6 7. Bb2 d5 8. d4 Qb6
9. Qc2 a5 10. Nc3 Bd7 11. e4 dxe4 12. Nxe4 Na6 13. Ne5 Be8 14. Qe2 Nxe4 15. Qxe4
f6 16. Nd3 Bf7 17. Nf4 Nc7 18. Ng6 Bxg6 19. Qxg6 a4 20. Be4 f5 21. Bc2 Bf6 22.
Rac1 Bxd4 23. c5 Qxc5 24. Bb1 Qe5 25. Rfe1 Qf6 26. Qxf6 Bxf6 27. Bxf6 Rxf6 28.
Rcd1 Rf7 29. bxa4 Rxa4 30. Rd8+ Kh7 31. Rb8 Rb4 32. Bc2 c5 33. Rd1 Nd5 34. a3
Rb6 35. Bd3 Rc6 36. Bb5 Rcc7 37. Bc4 Rcd7 38. Bb5 Rd6 39. h4 Rb6 40. Be8 Rf8 41.
Bg6+ Kg8 42. Rxf8+ Kxf8 43. Rc1 Rc6 44. Bh5 Ke7 45. Be2 Kd6 46. Bd3 Rb6 47. Bc4
Rb2 48. Kf1 0-1

[Event "57th Biel Rapid Open"]
[Site "Biel SUI"]
[Date "2024.07.14"]
[Round "8.29"]
[White "Kheerthi, Ganta"]
[Black "Olarte, Stefan"]
[Result "0-1"]
[WhiteTitle "WFM"]
[WhiteElo "1918"]
[BlackElo "1902"]
[WhiteFideId "25626280"]
[BlackFideId "1356232"]
[EventDate "2024.07.14"]
[EventType "swiss"]

1. d4 g6 2. c4 Bg7 3. Nf3 a6 4. Nc3 Nc6 5. e4 e5 6. d5 Nd4 7. Be3 c5 8. Be2 d6
9. O-O f5 10. b4 b6 11. bxc5 bxc5 12. Rb1 f4 13. Bd2 Nf6 14. Re1 h5 15. Nxd4
cxd4 16. Na4 Nxe4 17. Bd3 Nxd2 18. Bxg6+ Kf8 19. Qxd2 Qg5 20. Be4 h4 21. Kh1 h3
22. g3 Bf5 23. Qd3 Rh5 24. Rb6 fxg3 25. fxg3 Kg8 26. Rxd6 Rf8 27. Bxf5 Qxf5 28.
Nc5 Qf2 29. Rg1 Rhf5 30. Ne6 e4 31. Qd1 e3 32. Nf4 Rxf4 33. gxf4 e2 34. Qd3
Qxg1+ 35. Kxg1 e1=Q+ 36. Qf1 Qe3+ 37. Qf2 Rxf4 38. Rd8+ Kf7 39. Rd7+ Kf8 0-1

[Event "57th Biel Rapid Open"]
[Site "Biel SUI"]
[Date "2024.07.14"]
[Round "8.30"]
[White "Marinkovic, Zoran"]
[Black "Tcheau, Alain"]
[Result "0-1"]
[WhiteElo "2105"]
[BlackElo "1991"]
[WhiteFideId "1346083"]
[BlackFideId "1306014"]
[EventDate "2024.07.14"]
[EventType "swiss"]

1. e4 e6 2. b3 d5 3. Bb2 dxe4 4. Qe2 Nc6 5. Qxe4 Nf6 6. Qd3 Qxd3 7. Bxd3 Nb4 8.
Nc3 Nxd3+ 9. cxd3 Bd7 10. Ne4 Be7 11. Ne2 O-O-O 12. f3 Bb5 13. d4 Nd5 14. N2c3
Bc6 15. O-O Nf4 16. Nf2 Rxd4 17. Nce4 Rdd8 18. g3 Ne2+ 19. Kh1 f5 20. Rae1 Nd4
21. Bxd4 Rxd4 22. d3 fxe4 23. fxe4 Rf8 24. Kg2 Bb4 25. Re2 Bb5 26. Rd1 a5 27. h4
a4 28. bxa4 Bxa4 29. Rb1 c5 30. Reb2 Bc6 31. Rb3 Kc7 0-1

[Event "57th Biel Rapid Open"]
[Site "Biel SUI"]
[Date "2024.07.14"]
[Round "8.31"]
[White "Chauvon, Guillaume"]
[Black "Chen, Muxi"]
[Result "0-1"]
[WhiteElo "2061"]
[BlackElo "2030"]
[WhiteFideId "206784"]
[BlackFideId "8626073"]
[EventDate "2024.07.14"]
[EventType "swiss"]

1. Nf3 c5 2. c4 Nc6 3. Nc3 g6 4. g3 Bg7 5. Bg2 e6 6. d3 Nge7 7. Bg5 h6 8. Bd2
O-O 9. Qc1 Kh7 10. Rb1 d5 11. a3 dxc4 12. dxc4 Nd4 13. b4 Qc7 14. Nb5 Nxb5 15.
cxb5 c4 16. Bc3 Nd5 17. Bxg7 Kxg7 18. e4 Nb6 19. Qc3+ Kg8 20. Rc1 Bd7 21. Ne5
Bxb5 22. Ng4 Nd7 23. Nxh6+ Kh7 24. Ng4 e5 25. O-O Rad8 26. Qd2 Qb6 27. Rfd1 Qe6
28. Qh6+ Kg8 29. Qg5 Kg7 30. Qh6+ Kg8 31. Bh3 Nf6 32. Ne3 Qc6 33. Qh4 Rxd1+ 34.
Rxd1 c3 35. Nd5 Nxd5 36. exd5 Qd6 37. Qe4 Ba4 38. Rc1 c2 39. Bf1 Rc8 40. Bd3 f5
41. Qh4 e4 42. Be2 Qxd5 43. Qf6 Rc6 44. Qb2 Qd2 45. b5 Rd6 46. Kf1 Qxc1+ 47.
Qxc1 Rd1+ 48. Bxd1 cxd1=Q+ 49. Qxd1 Bxd1 50. Ke1 Ba4 0-1

[Event "57th Biel Rapid Open"]
[Site "Biel SUI"]
[Date "2024.07.14"]
[Round "8.33"]
[White "Schaer, Bryan"]
[Black "Zargarov, Mikayel"]
[Result "0-1"]
[WhiteElo "1803"]
[BlackElo "2033"]
[WhiteFideId "1356127"]
[BlackFideId "1342410"]
[EventDate "2024.07.14"]
[EventType "swiss"]

1. e4 c5 2. c3 d5 3. exd5 Qxd5 4. d4 Nc6 5. Nf3 Bf5 6. Na3 cxd4 7. Bc4 Qe4+ 8.
Be3 O-O-O 9. cxd4 e5 10. O-O exd4 11. Bg5 f6 12. Bh4 Bg4 13. Re1 Qg6 14. Bg3 Bb4
15. Qe2 Nge7 16. Be6+ Bxe6 17. Qxe6+ Rd7 18. Nb5 Qf5 19. Nfxd4 Qxe6 20. Rxe6
Nxd4 21. Nxd4 Rxd4 22. Rc1+ Nc6 23. a3 Bd2 24. Rc2 Bf4 25. Kf1 Bxg3 26. hxg3
Rhd8 27. b4 Rd2 28. Rc1 Rd1+ 29. Re1 Rxe1+ 30. Kxe1 Re8+ 31. Kd2 Kd7 32. f4 Kd6
33. b5 Nd4 34. Kd3 Nxb5 35. Rd1 Kc6 36. Rc1+ Kd6 37. Rd1 Ke7 38. Rb1 Rd8+ 39.
Ke3 Rd5 40. a4 Nd6 41. Re1 Kd7 42. Kf3 b5 43. axb5 Rxb5 44. Ra1 a5 45. Kg4 Kc6
46. Rh1 h5+ 47. Kf3 Rb3+ 48. Kf2 Ne4+ 0-1

[Event "57th Biel Rapid Open"]
[Site "Biel SUI"]
[Date "2024.07.14"]
[Round "8.34"]
[White "Bonanomi, Silvan"]
[Black "Jordan, Theodor"]
[Result "1-0"]
[WhiteElo "1924"]
[BlackElo "1894"]
[WhiteFideId "1352644"]
[BlackFideId "1353152"]
[EventDate "2024.07.14"]
[EventType "swiss"]

1. e4 c6 2. d4 d5 3. f3 Nd7 4. Bf4 e6 5. Bd3 Ne7 6. Ne2 Ng6 7. Bg3 Be7 8. O-O
O-O 9. e5 c5 10. c3 Qb6 11. Qb3 c4 12. Qxb6 axb6 13. Bc2 Nb8 14. Nd2 Bd7 15. f4
Nh4 16. Bxh4 Bxh4 17. f5 exf5 18. Bxf5 Be7 19. a3 g6 20. Bxd7 Nxd7 21. Nf4 Bg5
22. Rf2 Bxf4 23. Rxf4 Rae8 24. Re1 Re6 25. Nf1 f6 26. Ne3 fxe5 27. Rxf8+ Nxf8
28. Nxd5 exd4 29. Rxe6 Nxe6 30. Nxb6 dxc3 31. bxc3 Nc5 32. Nxc4 Ne4 33. a4 Nxc3
34. a5 Nb5 35. Ne5 Nd6 36. Kf2 Kg7 37. Ke2 Kf6 38. Nd7+ Ke6 39. Nc5+ Kd5 40.
Nxb7 Nc4 41. a6 Kc6 42. Nd8+ Kb6 43. Ne6 Ne5 44. Ke3 Kxa6 45. Kf4 Nd7 46. Kg5
Kb6 47. Kh6 Kc6 48. Kxh7 Kd6 49. Ng5 Ne5 50. Kg7 Ke7 51. Nf3 Ng4 52. h3 Ne3 53.
g4 Nd5 54. Ne5 Nf4 55. Nxg6+ Nxg6 56. Kxg6 Kf8 57. Kh7 Kf7 58. g5 1-0

[Event "57th Biel Rapid Open"]
[Site "Biel SUI"]
[Date "2024.07.14"]
[Round "8.35"]
[White "Arulanantham, Aneet"]
[Black "Lyutsinger, Iren"]
[Result "1-0"]
[WhiteElo "1954"]
[BlackElo "2088"]
[WhiteFideId "1335189"]
[BlackFideId "34425969"]
[EventDate "2024.07.14"]
[EventType "swiss"]

1. d4 Nf6 2. Nf3 e6 3. c4 d5 4. Nc3 c5 5. cxd5 Nxd5 6. e4 Nxc3 7. bxc3 cxd4 8.
cxd4 Bb4+ 9. Bd2 Bxd2+ 10. Qxd2 O-O 11. Bc4 b6 12. O-O Bb7 13. Rfe1 Nd7 14. Rad1
Rc8 15. Bb3 Nf6 16. Qf4 Rc3 17. d5 exd5 18. e5 Nd7 19. Bxd5 Bxd5 20. Rxd5 Qe7
21. Qd2 Rc7 22. Rd1 Nc5 23. Nd4 h6 24. Nb5 Rc6 25. Nd6 Ne4 26. Nxe4 Kh7 27. Qd3
Rg6 28. Rd6 Qxe5 29. Rxg6 fxg6 30. Qd6 Qh5 31. f3 Rf7 32. Qe6 Rc7 33. Qd6 Rf7
34. Rc1 Qa5 35. Qe6 Rf8 36. Qe7 Rf5 37. Qe6 Qa3 38. Re1 Qb4 39. Ng3 Ra5 40. h3
Rg5 41. Nf1 a5 42. Qe4 Qb2 43. Qe2 Qd4+ 44. Qf2 Qb4 45. Ng3 a4 46. Ne4 Rd5 47.
Qe3 a3 48. Nc3 Rc5 49. Ne4 Rc2 50. Qb3 Qd4+ 51. Kh1 b5 52. Qxc2 b4 53. Qb3 1-0

[Event "57th Biel Rapid Open"]
[Site "Biel SUI"]
[Date "2024.07.14"]
[Round "8.36"]
[White "Akhmediyar, Yernur"]
[Black "Musaelyan, Arshavir"]
[Result "1-0"]
[WhiteElo "1751"]
[BlackElo "1981"]
[WhiteFideId "13732129"]
[BlackFideId "1332082"]
[EventDate "2024.07.14"]
[EventType "swiss"]

1. c4 c5 2. Nc3 Nc6 3. g3 g6 4. Bg2 Bg7 5. e3 d6 6. Nge2 e5 7. O-O Nge7 8. d4
exd4 9. exd4 Nxd4 10. Nxd4 Bxd4 11. Nb5 O-O 12. Nxd4 cxd4 13. Qxd4 Qc7 14. b3
Qc5 15. Qd2 Nc6 16. Bb2 Ne5 17. Kh1 Ng4 18. h3 Qh5 19. Kg1 Ne5 20. f4 Nc6 21.
Qxd6 Be6 22. g4 Qh6 23. f5 gxf5 24. gxf5 Qe3+ 25. Kh1 Rad8 26. Qf4 1-0

[Event "57th Biel Rapid Open"]
[Site "Biel SUI"]
[Date "2024.07.14"]
[Round "8.37"]
[White "Farhat Willemstein, Stela Souza"]
[Black "Tellarini, Lorenzo"]
[Result "0-1"]
[WhiteTitle "WFM"]
[WhiteElo "1863"]
[BlackElo "2002"]
[WhiteFideId "2109808"]
[BlackFideId "28548655"]
[EventDate "2024.07.14"]
[EventType "swiss"]

1. e4 c5 2. Nf3 e6 3. c3 Nf6 4. e5 Nd5 5. d4 cxd4 6. cxd4 Nc6 7. Nc3 Nxc3 8.
bxc3 d6 9. exd6 Bxd6 10. Bd3 h6 11. O-O O-O 12. Be4 Qc7 13. Bd2 b6 14. Qa4 Bb7
15. Rfe1 Rac8 16. Qb5 Na5 17. Qh5 Bf4 18. Bxf4 Qxf4 19. Bxb7 Nxb7 20. Rac1 Nd6
21. Ne5 Qd2 22. Nd7 Rfd8 23. Ne5 Rxc3 24. Qh4 Rxc1 25. Qxd8+ Kh7 0-1

[Event "57th Biel Rapid Open"]
[Site "Biel SUI"]
[Date "2024.07.14"]
[Round "8.38"]
[White "Coletta, Stephane"]
[Black "Ranieri, Pierpaolo"]
[Result "0-1"]
[WhiteElo "1918"]
[BlackElo "1909"]
[WhiteFideId "1309056"]
[BlackFideId "893986"]
[EventDate "2024.07.14"]
[EventType "swiss"]

1. c4 c6 2. Nf3 d5 3. g3 Nf6 4. Bg2 dxc4 5. O-O Nbd7 6. Qc2 Nb6 7. Na3 Be6 8.
Ne5 h5 9. Naxc4 Nxc4 10. Nxc4 h4 11. Ne5 hxg3 12. hxg3 Bh3 13. Nxc6 Qd6 14. Bxh3
Rxh3 15. Kg2 Rh8 16. Nxe7 Bxe7 17. d3 Qd5+ 18. e4 Qh5 19. Bf4 Qh3+ 20. Kf3 Qg4+
21. Ke3 Qe6 22. Rh1 Rxh1 23. Rxh1 Nd5+ 24. Kf3 Nxf4 25. Rh8+ Bf8 26. Qc5 Ng6 0-1

[Event "57th Biel Rapid Open"]
[Site "Biel SUI"]
[Date "2024.07.14"]
[Round "8.39"]
[White "Lang, Fabian"]
[Black "Primbetova, Raikhan"]
[Result "0-1"]
[WhiteElo "1957"]
[BlackElo "1534"]
[WhiteFideId "1310160"]
[BlackFideId "13733494"]
[EventDate "2024.07.14"]
[EventType "swiss"]

1. d4 Nf6 2. Nf3 d5 3. e3 Bf5 4. Bd3 Bxd3 5. Qxd3 e6 6. O-O Bd6 7. Qb5+ Nbd7 8.
Qxb7 O-O 9. c4 c5 10. Qb3 dxc4 11. Qxc4 Nb6 12. Qe2 cxd4 13. exd4 Nbd5 14. g3
Rc8 15. Nbd2 Qc7 16. Nb3 Rfd8 17. Bg5 a5 18. Rac1 Qb6 19. Ne5 a4 20. Nc4 Rxc4
21. Qxc4 axb3 22. axb3 h6 23. Be3 Rb8 24. Qc6 Qxc6 25. Rxc6 Be7 26. Ra1 Rxb3 27.
Bc1 Rb8 28. h4 h5 29. Ra7 Kh7 30. Kg2 Rb4 31. Bg5 Rxb2 32. Bxf6 gxf6 33. Rc8 Bd6
34. Rxf7+ Kg6 35. Rd7 Bb4 36. Rg8+ Kf5 37. Rh8 Ne3+ 38. Kf3 Ng4 39. Rxh5+ Kg6
40. Kxg4 Rxf2 41. Rhh7 f5+ 42. Kh3 Be1 43. Rdf7 0-1